000 00635nam a2200241Ia 4500
003 OSt
005 20221007075706.0
006 a|||||r|||| 00| 0
007 ta
008 221006b |||||||| |||| 00| 0 eng d
024 _a11,309
037 _cTextual
040 _aFLL
_cFLL
_beng
041 _2eng
_aeng
082 _aZ2,83, P6
100 _aBasu M.N. Au.
_9684535
245 0 _aLaw of court fees and suits valuation
250 _a12th
260 _aNew Delhi
_bOrient publishing company India
_c2006
300 _a1728p
_ccm.
942 _hZ2,83, P6
_cTEXL
_2CC
999 _c1157033
_d1157033